[Event "DRUZYNOWE MISTRZOSTWA POLSKI JUNIOROW - I LIGA 2022"]
[Site "Lublin"]
[Date "1899-12-30"]
[Round "4.23"]
[White "Uliasz, Katarzyna"]
[Black "Czarnecka, Lidia"]
[Result "1/2-1/2"]
[WhiteTitle "I++"]
[BlackTitle "k"]
[WhiteElo "1531"]
[BlackElo "1940"]

1. e4 c5 2. Nf3 e6 3. d4 cxd4 4. Nxd4 Nf6 5. Nc3 d6 6. g4 h6 7. h4 Nc6 8. Rg1 d5
9. exd5 Nxd5 10. Nxd5 Qxd5 11. Bg2 Qe5+ 12. Be3 Bd7 13. Nxc6 Bxc6 14. Bxc6+ bxc6
15. Qd4 Qxd4 16. Bxd4 c5 17. Bc3 O-O-O 18. Ke2 Rg8 19. Rad1 Be7 20. Rxd8+ Kxd8
21. h5 Kd7 22. f4 f6 23. Kf3 Bd8 24. Rd1+ Kc6 25. Re1 Re8 26. f5 e5 27. Ke4 Bc7
28. Rd1 Bd6 29. Ba5 Rb8 30. Bc3 Rb6 31. a3 Ra6 32. Kf3 Ra4 33. Rg1 Rf4+ 34. Ke2
Ra4 35. Kf3 Bc7 36. Bd2 Kb5 37. Be3 Ba5 38. Rd1 Kc6 39. c3 Bb6 40. Bc1 Ra6 41.
c4 Ba5 1/2-1/2

[Event "DRUZYNOWE MISTRZOSTWA POLSKI JUNIOROW - I LIGA 2022"]
[Site "Lublin"]
[Date "1899-12-30"]
[Round "4.25"]
[White "Kania, Dominik"]
[Black "Jedraszek, Pawel"]
[Result "1/2-1/2"]
[WhiteTitle "I"]
[BlackTitle "I+"]
[WhiteElo "1872"]
[BlackElo "1933"]

1. e4 c5 2. c3 Nf6 3. e5 Nd5 4. d4 cxd4 5. Nf3 e6 6. cxd4 b6 7. Nc3 Nxc3 8. bxc3
Qc7 9. Bd2 Bb7 10. Bd3 d6 11. O-O Nd7 12. exd6 Bxd6 13. h3 h6 14. Qe2 O-O 15.
Rfe1 Rfd8 16. c4 Rac8 17. Rac1 Bf4 18. Be3 Nf6 19. Red1 Qd6 20. Qd2 Bxe3 21. Qxe3
Qb4 22. Ne5 Kf8 23. Qf4 Qb2 24. Bb1 Qa3 25. h4 Kg8 26. f3 Qe7 27. a4 Nd7 28. Nxd7
Rxd7 29. h5 Rcd8 30. d5 Qf6 31. Qe4 g6 32. hxg6 fxg6 33. Qxg6+ Qxg6 34. Bxg6 Kg7
35. Be4 Kf6 36. Kf2 exd5 37. cxd5 Bxd5 38. Bxd5 Rxd5 39. Rc6+ Kg5 40. Re1 R8d6
41. Rxd6 Rxd6 42. a5 Rd2+ 43. Kg3 Rb2 44. Re7 Ra2 45. Rxa7 bxa5 46. Ra6 Ra4 47.
Kf2 h5 48. g3 Ra3 49. Kg2 Ra1 50. Ra8 a4 51. Ra5+ Kg6 52. g4 1/2-1/2

[Event "DRUZYNOWE MISTRZOSTWA POLSKI JUNIOROW - I LIGA 2022"]
[Site "Lublin"]
[Date "1899-12-30"]
[Round "4.27"]
[White "Musial, Igor"]
[Black "Ugorek, Kacper"]
[Result "1/2-1/2"]
[WhiteTitle "I"]
[BlackTitle "I"]
[WhiteElo "1829"]
[BlackElo "1810"]

1. e4 e5 2. Nf3 Nc6 3. Bb5 a6 4. Ba4 d6 5. c3 f5 6. d3 Nf6 7. Nbd2 Be7 8. O-O O-O
9. Re1 fxe4 10. dxe4 Qe8 11. Nf1 Nh5 12. Ne3 Qg6 13. Nf5 Bd8 14. N3h4 Bxh4 15.
Nxh4 Qe8 16. Nf5 Kh8 17. Be3 Nf6 18. f3 Bd7 19. Qe2 Nh5 20. Qf2 g6 21. Nh6 Nf4
22. Qh4 Qd8 23. Qxd8 Raxd8 24. Rad1 b5 25. Bc2 Kg7 26. Ng4 Bxg4 27. fxg4 h6 28.
g3 Ne6 29. Kg2 Na5 30. b3 Nb7 31. b4 c6 32. Bb3 Nc7 33. Bb6 Rd7 34. Be3 Rfd8 35.
g5 h5 36. h4 a5 37. a3 a4 38. Ba2 Rf8 39. Bf2 Re8 40. Re2 Ree7 41. Red2 Re8 42.
Bg1 Red8 43. Rd3 Rc8 44. Bb6 Rf8 45. c4 Na8 46. Bc5 Rfd8 47. cxb5 cxb5 48. Be6
Re7 49. Ba2 dxc5 50. Rxd8 Nxd8 51. Rxd8 cxb4 52. axb4 Nc7 53. Rd6 Ne8 54. Rb6
Rc7 55. Bd5 Rc2+ 56. Kf3 Nc7 57. Rb8 a3 58. Rb7 Kf8 59. Ra7 Rc3+ 60. Kf2 Ke7 61.
Bg8 Kf8 62. Bd5 1/2-1/2

[Event "DRUZYNOWE MISTRZOSTWA POLSKI JUNIOROW - I LIGA 2022"]
[Site "Lublin"]
[Date "1899-12-30"]
[Round "4.29"]
[White "Mroz, Lena"]
[Black "Barwinska, Ewa"]
[Result "0-1"]
[WhiteTitle "I++"]
[BlackTitle "k"]
[WhiteElo "1719"]
[BlackElo "1916"]

1. e4 c5 2. Nf3 d6 3. d4 cxd4 4. Nxd4 Nf6 5. Nc3 a6 6. Qf3 Qb6 7. Nb3 e6 8. g4
Be7 9. g5 Nfd7 10. h4 Nc6 11. Be3 Qc7 12. Qg2 b5 13. f4 b4 14. Ne2 Bb7 15. h5
O-O-O 16. O-O-O Nc5 17. Ng3 Kb8 18. Kb1 Na5 19. Be2 Rc8 20. Rd2 Rhd8 21. Nxa5
Qxa5 22. Bxc5 b3 23. Rd3 Qxa2+ 24. Kc1 Rxc5 25. Bd1 Rdc8 26. Rh2 bxc2 27. Bxc2
Qa1+ 28. Kd2 Rxc2+ 29. Ke3 Rxg2 30. Rxg2 d5 31. exd5 Bxd5 32. Re2 Qg1+ 0-1

[Event "DRUZYNOWE MISTRZOSTWA POLSKI JUNIOROW - I LIGA 2022"]
[Site "Lublin"]
[Date "1899-12-30"]
[Round "5.1"]
[White "Jedraszek, Pawel"]
[Black "Madej, Marek"]
[Result "1-0"]
[WhiteTitle "I+"]
[BlackTitle "I+"]
[WhiteElo "1933"]
[BlackElo "1995"]

1. c4 Nf6 2. Nc3 g6 3. e4 d6 4. d4 Bg7 5. f4 O-O 6. Nf3 c5 7. d5 e6 8. Be2 exd5
9. cxd5 Nbd7 10. O-O Re8 11. Nd2 c4 12. a4 Nc5 13. Bf3 h5 14. h3 Bh6 15. e5 dxe5
16. fxe5 Bxd2 17. Qxd2 Rxe5 18. Qd4 Nd3 19. a5 Bf5 20. Bf4 Nxf4 21. Qxe5 Nd3 22.
Qd4 Rc8 23. Qxa7 Qd6 24. Qd4 Nxb2 25. Nb5 Qb4 26. Qxf6 Qxb5 27. Bxh5 Qxd5 28.
Bf3 Qb5 29. Bg4 Rc6 30. Qd8+ Kg7 31. Qd4+ Kg8 32. Bxf5 gxf5 33. Qd8+ Kg7 34. Qg5+
Rg6 35. Qxf5 Qxf5 36. Rxf5 Nd3 37. Raf1 c3 38. Rxf7+ Kg8 39. Rc7 Rc6 40. Rxc6
bxc6 41. a6 1-0

[Event "DRUZYNOWE MISTRZOSTWA POLSKI JUNIOROW - I LIGA 2022"]
[Site "Lublin"]
[Date "1899-12-30"]
[Round "5.5"]
[White "Barwinska, Ewa"]
[Black "Krzyzosiak, Marta"]
[Result "1-0"]
[WhiteTitle "k"]
[BlackTitle "I++"]
[WhiteElo "1916"]
[BlackElo "1666"]

1. e4 c5 2. Nf3 e6 3. d4 cxd4 4. Nxd4 d6 5. c4 Nf6 6. Nc3 Be7 7. Bd3 Nc6 8. Bc2
a6 9. Be3 Bd7 10. Qe2 Qc7 11. Nxc6 Bxc6 12. O-O O-O 13. Bd3 Rfd8 14. Rac1 b6 15.
Nd5 Bxd5 16. cxd5 Qb7 17. dxe6 fxe6 18. f3 b5 19. Rc2 Rac8 20. Rfc1 Rxc2 21. Qxc2
Kf7 22. h3 h6 23. f4 d5 24. e5 Ne4 25. Bd4 Rd7 26. Qc6 Nd2 27. f5 exf5 28. e6+
1-0

[Event "DRUZYNOWE MISTRZOSTWA POLSKI JUNIOROW - I LIGA 2022"]
[Site "Lublin"]
[Date "1899-12-30"]
[Round "5.7"]
[White "Szlosarczyk, Hubert"]
[Black "Kania, Dominik"]
[Result "1/2-1/2"]
[WhiteTitle "I"]
[BlackTitle "I"]
[WhiteElo "1654"]
[BlackElo "1872"]

1. d4 Nf6 2. c4 c5 3. d5 b5 4. cxb5 a6 5. b6 d6 6. Nc3 Nbd7 7. e4 g6 8. Nf3 Bg7
9. h3 O-O 10. Bd3 Nxb6 11. O-O Ne8 12. Qe2 Nc7 13. Bg5 Qd7 14. Nd2 e6 15. Nc4
Nxc4 16. Bxc4 exd5 17. Nxd5 Nxd5 18. Bxd5 Rb8 19. Rab1 Bb7 20. Rfd1 Rfe8 21. Bf4
Bxd5 22. Rxd5 Qa4 23. Bxd6 Qxa2 24. Rdd1 Rxb2 25. Rxb2 Qxb2 26. Qxa6 Bd4 27. Rf1
Qc2 28. e5 Qf5 29. Qc6 Qe6 30. Qa4 Rc8 31. Kh1 Bxe5 32. Bxe5 Qxe5 33. Rc1 Qd5
34. Qc2 c4 35. Qc3 Qc5 36. Kg1 Rd8 37. g3 Rd4 38. Re1 Qd5 39. Kh2 h5 40. Re2 Kh7
41. Re8 h4 42. gxh4 Qd6+ 43. Kg2 Qc6+ 44. Kh2 Qxe8 45. Qxd4 Qb8+ 46. Kg2 Qb3 47.
Qd5 Kg8 48. Qd8+ Kg7 49. Qd4+ f6 50. Qd7+ Kh8 1/2-1/2

[Event "DRUZYNOWE MISTRZOSTWA POLSKI JUNIOROW - I LIGA 2022"]
[Site "Lublin"]
[Date "1899-12-30"]
[Round "5.11"]
[White "Czarnecka, Lidia"]
[Black "Mroz, Lena"]
[Result "1-0"]
[WhiteTitle "k"]
[BlackTitle "I++"]
[WhiteElo "1940"]
[BlackElo "1719"]

1. e4 c5 2. Nf3 e6 3. d4 cxd4 4. Nxd4 a6 5. Bd3 Bc5 6. Nb3 Ba7 7. O-O Nc6 8. c4
Nge7 9. Nc3 O-O 10. Bf4 e5 11. Bg5 d6 12. Nd5 f6 13. Be3 Be6 14. Qd2 Kh8 15. Rad1
Bxe3 16. Nxe3 Qb8 17. Qe2 Rd8 18. Nd5 a5 19. Qd2 Ng6 20. Nc1 Bf7 21. Ne2 Nf8 22.
Nec3 Nd4 23. Qe3 Nfe6 24. Rfe1 Qa7 25. b3 Nc5 26. Bb1 Rac8 27. Qd2 Bh5 28. Rc1
Qa6 29. Bd3 Bf7 30. Bf1 b6 31. Re3 Qb7 32. Rce1 Rb8 33. Rg3 Be6 34. f4 Bg8 35.
f5 Qf7 36. Qf2 Rb7 37. Ree3 Rbb8 38. Rh3 Rb7 39. Rh4 Qf8 40. Reh3 h6 41. Qd2 Bh7
42. Kh1 Rdd7 43. g4 Kg8 44. Rg3 Rf7 45. Rh5 Nc6 46. h4 Nb4 47. g5 Nxd5 48. Qxd5
Kh8 49. Qd2 Rfd7 50. Be2 Bg8 51. gxh6 gxh6 52. Rxh6+ Rh7 53. Rgg6 Rxh6 54. Qxh6+
Qxh6 55. Rxh6+ Rh7 56. Rxh7+ Kxh7 57. Bf3 Kg7 58. Nb5 Nb7 59. Na7 a4 60. Bd1 axb3
61. axb3 Nc5 62. Bc2 Bf7 63. Nc8 Bh5 64. Kg2 Nb7 65. Nxb6 Be8 66. b4 Kf8 67. Kf3
Bh5+ 68. Ke3 Ke7 69. Ba4 Bf7 70. Bc6 Nd8 71. Ba8 Be8 72. b5 Kf7 73. Nc8 1-0

[Event "DRUZYNOWE MISTRZOSTWA POLSKI JUNIOROW - I LIGA 2022"]
[Site "Lublin"]
[Date "1899-12-30"]
[Round "5.13"]
[White "Panek, Bartosz"]
[Black "Suder, Jakub"]
[Result "1-0"]
[WhiteTitle "I++"]
[BlackTitle "FM"]
[WhiteElo "2022"]
[BlackElo "2306"]

1. e4 c5 2. Nf3 e6 3. Qe2 Nc6 4. g3 Nf6 5. Bg2 Be7 6. e5 Nd5 7. Nc3 O-O 8. O-O
Ndb4 9. d3 Nd4 10. Nxd4 cxd4 11. Ne4 Nc6 12. Bf4 Kh8 13. h4 f5 14. exf6 gxf6 15.
Bd6 Bxd6 16. Nxd6 Qe7 17. Nxc8 Raxc8 18. c3 dxc3 19. bxc3 b6 20. Rac1 Qd6 21.
Rfd1 f5 22. d4 Ne7 23. c4 Ng8 24. c5 Qe7 25. cxb6 axb6 26. d5 e5 27. d6 Qe6 28.
Rxc8 Rxc8 29. Bd5 Qe8 30. Qb2 Nf6 31. Re1 Qg6 32. Rxe5 Rf8 33. Re7 f4 34. Be4
Qg4 35. Kh2 Qd1 36. Kg2 fxg3 37. fxg3 Qxd6 38. Rxh7+ Kg8 39. Qb3+ Qe6 40. Re7
Qxb3 41. axb3 Rc8 42. Bf3 Rc3 43. g4 Kf8 44. Re5 Rxb3 45. g5 Ng8 46. Rf5+ Kg7
47. Rd5 Ne7 48. Rxd7 Kf8 49. Rd6 Kg7 50. h5 Re3 51. h6+ Kh7 52. Rf6 Re5 53. Rf7+
Kh8 54. Kh3 b5 55. Kg4 b4 56. Rf8+ Kh7 57. Rb8 Ng8 58. Kf4 Re6 59. Be4+ Kh8 60.
Rxg8+ 1-0

[Event "DRUZYNOWE MISTRZOSTWA POLSKI JUNIOROW - I LIGA 2022"]
[Site "Lublin"]
[Date "1899-12-30"]
[Round "5.14"]
[White "Dziewonski, Dariusz"]
[Black "Kubik, Rafal"]
[Result "1-0"]
[WhiteTitle "I++"]
[BlackTitle "I++"]
[WhiteElo "2015"]
[BlackElo "1827"]

1. e4 c5 2. Nf3 d6 3. d4 cxd4 4. Nxd4 Nf6 5. Nc3 g6 6. Be3 Bg7 7. f3 O-O 8. Qd2
Nc6 9. O-O-O d5 10. Kb1 Nxd4 11. e5 Nf5 12. exf6 exf6 13. Bc5 d4 14. Bxf8 Qxf8
15. Nb5 Ne3 16. Re1 f5 17. f4 Be6 18. Nxd4 Nxf1 19. Rhxf1 Bd5 20. Nxf5 Bc4 21.
Nxg7 Bxf1 22. Rxf1 Qxg7 23. Qd7 b6 24. Re1 Qf6 25. g3 a5 26. c3 g5 27. Qd5 Rd8
28. Qxg5+ Qxg5 29. fxg5 Rd2 30. h4 Kg7 31. Re3 Kg6 32. Rf3 Rg2 33. a4 1-0

[Event "DRUZYNOWE MISTRZOSTWA POLSKI JUNIOROW - I LIGA 2022"]
[Site "Lublin"]
[Date "1899-12-30"]
[Round "5.15"]
[White "Karwot, Marek"]
[Black "Maj, Samuel"]
[Result "0-1"]
[WhiteTitle "II"]
[BlackTitle "I"]
[WhiteElo "1412"]
[BlackElo "1935"]

1. e4 c5 2. c3 Nf6 3. e5 Nd5 4. Nf3 e6 5. d4 cxd4 6. cxd4 d6 7. Bc4 Nb6 8. Bd3
Bd7 9. Be4 Bc6 10. Bxc6+ Nxc6 11. O-O Be7 12. Nc3 O-O 13. Qe2 Rc8 14. Rd1 Nb4
15. a3 N4d5 16. Nxd5 Nxd5 17. Be3 Qb6 18. Rac1 Nxe3 19. fxe3 Qb3 20. exd6 Bxd6
21. Kf2 h6 22. Rxc8 Rxc8 23. Rd3 Qb6 24. Qd2 Rc4 25. Rc3 Qc7 26. Rxc4 Qxc4 27.
g3 Qc6 28. Qd1 b6 29. Nd2 Be7 30. Nf3 Bd6 31. Nd2 e5 32. Nf3 e4 33. Nd2 Be7 34.
Qb1 f5 35. Qa2+ Kh7 36. Qc4 Qg6 37. Qe2 Bd6 38. Nf1 Qe6 39. Nd2 Qf7 40. Nc4 Bc7
41. Nd2 Bb8 42. Nc4 b5 43. Nd2 a6 44. Nb1 h5 45. Nc3 h4 46. Kg2 Qg6 47. Qf2 Qg4
48. Ne2 h3+ 49. Kf1 a5 50. Ke1 g5 51. Nc3 Kg7 52. Nxb5 f4 53. exf4 gxf4 54. gxf4
Bxf4 55. Kf1 e3 56. Qe2 Qf5 57. Kg1 Qb1+ 58. Qf1 Qg6+ 59. Kh1 Qe4+ 60. Kg1 e2
0-1

[Event "DRUZYNOWE MISTRZOSTWA POLSKI JUNIOROW - I LIGA 2022"]
[Site "Lublin"]
[Date "1899-12-30"]
[Round "5.19"]
[White "Wieczorek, Mikolaj"]
[Black "Luczak, Filip"]
[Result "0-1"]
[WhiteTitle "I+"]
[BlackTitle "FM"]
[WhiteElo "1942"]
[BlackElo "2311"]

1. e4 c6 2. d4 Qa5+ 3. Bd2 Qb6 4. Nf3 Qxb2 5. Bc4 Qb6 6. O-O e6 7. Re1 Be7 8. e5
Qc7 9. Nc3 d5 10. exd6 Qxd6 11. Ne4 Qd8 12. Bf4 Nf6 13. Ne5 O-O 14. Bd3 Nxe4 15.
Bxe4 Nd7 16. Nxd7 Bxd7 17. Qf3 f5 18. Bd3 Bf6 19. Bc4 Kh8 20. Rad1 Re8 21. Bb3
Rc8 22. Bd6 Qa5 23. Qe3 Rg8 24. c4 Rce8 25. c5 Bc8 26. Qf3 Bxd4 27. h4 Bf6 28.
h5 Qb4 29. Re2 a5 30. Rc1 Qa3 31. Rce1 a4 32. Bc2 Qxf3 33. gxf3 g6 34. h6 Rd8
35. Bxa4 Rge8 36. Bb3 Kg8 37. f4 Kf7 38. Kg2 Bc3 39. Rc1 Bf6 40. Rce1 g5 41. fxg5
Bxg5 42. f4 Bh4 43. Rh1 Rg8+ 44. Kf1 Rg4 45. Rg2 Rxg2 46. Kxg2 Be7 47. Bxe7 Kxe7
48. Rh5 Rg8+ 49. Rg5 Rxg5+ 50. fxg5 Kf7 51. Kf3 Kg6 52. Kf4 e5+ 53. Kxe5 Kxg5
54. Kd6 f4 55. Kc7 Bg4 56. Bc4 Bd1 57. Kxb7 f3 58. Kxc6 Be2 59. Be6 f2 60. Bh3
Kh4 0-1

[Event "DRUZYNOWE MISTRZOSTWA POLSKI JUNIOROW - I LIGA 2022"]
[Site "Lublin"]
[Date "1899-12-30"]
[Round "5.20"]
[White "Bachor, Tomasz"]
[Black "Bednarczyk, Mateusz"]
[Result "1-0"]
[WhiteTitle "k"]
[BlackTitle "I"]
[WhiteElo "1971"]
[BlackElo "1893"]

1. d4 d5 2. Bf4 Nf6 3. e3 e6 4. Nd2 Be7 5. h3 O-O 6. Ngf3 c5 7. c3 Nc6 8. Be2 Nd7
9. O-O f6 10. e4 dxe4 11. Nxe4 f5 12. Nxc5 Nxc5 13. dxc5 Bxc5 14. Qxd8 Rxd8 15.
Bc4 h6 16. Rfe1 Re8 17. Rad1 Kh7 18. Bd6 Bb6 19. Ne5 Nxe5 20. Rxe5 Rd8 21. Bxe6
Bc7 22. Bxc8 Raxc8 23. Red5 Bxd6 24. Rxd6 Rxd6 25. Rxd6 Rc7 26. Kf1 Re7 27. Rd3
f4 28. Rd1 Kg6 29. Re1 Rd7 30. Ke2 Kf5 31. Rd1 f3+ 32. gxf3 Re7+ 33. Kf1 Kf4 34.
Kg2 Re2 35. Rd4+ Kf5 36. Rb4 b6 37. Kg3 g5 38. f4 Kg6 39. fxg5 hxg5 40. Kf3 Re1
41. h4 gxh4 42. Rxh4 Re5 43. Ra4 Rf5+ 44. Ke3 Re5+ 45. Kd3 Rd5+ 46. Kc2 a5 47.
Rd4 Rf5 48. Rd6+ Kf7 49. Rxb6 Rxf2+ 50. Kb3 Ke7 51. Ka4 Kd7 52. Kxa5 Kc7 53. a4
Rf4 54. Rh6 Kb7 55. Rh7+ Kb8 56. b4 Rc4 57. Kb6 Rxc3 58. Rh8+ Rc8 59. Rxc8+ Kxc8
60. Ka7 Kc7 1-0

[Event "DRUZYNOWE MISTRZOSTWA POLSKI JUNIOROW - I LIGA 2022"]
[Site "Lublin"]
[Date "1899-12-30"]
[Round "5.21"]
[White "Nagly, Wojciech"]
[Black "Cieslak, Patryk"]
[Result "0-1"]
[WhiteTitle "II"]
[BlackTitle "I++"]
[WhiteElo "1490"]
[BlackElo "1984"]

1. d4 g6 2. Nf3 Bg7 3. e3 d6 4. Be2 Nd7 5. O-O e5 6. c4 Ne7 7. Nc3 O-O 8. Qc2 c6
9. b3 exd4 10. exd4 Nf6 11. Bb2 Bf5 12. Bd3 Bg4 13. Nd2 Qd7 14. Rfe1 Rfe8 15.
Nde4 Nxe4 16. Nxe4 Bf5 17. Ng3 Bxd3 18. Qxd3 d5 19. Rad1 h5 20. Ba3 h4 21. Rxe7
Rxe7 22. Bxe7 hxg3 23. Bh4 gxh2+ 24. Kxh2 Re8 25. Bg5 Qg4 26. Be3 Re4 27. cxd5
Qh5+ 28. Kg1 Rh4 29. f3 Qxd5 30. Bf2 Rf4 31. Be3 Rh4 32. Bf2 Rf4 33. Be3 Rf6 34.
Qc4 Rd6 35. Qxd5 Rxd5 36. Rd2 Kf8 37. Kf2 Ke7 38. Ke2 Ke6 39. a4 b6 40. Kd3 Rh5
41. Rc2 Kd5 42. a5 Rh1 43. axb6 axb6 44. Rd2 Rh4 45. Bf2 Rh1 46. Be3 Ra1 47. Ke2
Rb1 48. Rd3 Rb2+ 49. Kf1 Rc2 50. g3 Bf8 51. Ke1 Bb4+ 52. Kd1 Rc3 53. Ke2 Rc2+
54. Kd1 Rg2 55. g4 Ra2 56. Kc1 Be7 57. Rd2 Ra1+ 58. Kc2 Bb4 59. Rf2 Re1 60. Kd3
c5 61. Re2 Rxe2 62. Kxe2 cxd4 63. Bf4 Kc5 64. Kd3 Bc3 65. Bc7 b5 66. Bd8 Kb4 67.
Kc2 Ka3 68. Be7+ b4 69. f4 f6 70. g5 f5 71. Bf6 d3+ 72. Kxd3 Kxb3 73. Be5 Bb2
74. Kd2 Ka2 75. Kd3 Bxe5 76. fxe5 b3 77. e6 b2 78. Kd4 b1=Q 79. Ke5 Qb8+ 80. Kf6
Qe8 81. Ke5 Kb3 82. Kf6 f4 83. e7 f3 84. Kg7 f2 85. Kh6 f1=Q 86. Kg7 Qxe7+ 87.
Kxg6 Qff7+ 88. Kh6 Qef8# 0-1

[Event "DRUZYNOWE MISTRZOSTWA POLSKI JUNIOROW - I LIGA 2022"]
[Site "Lublin"]
[Date "1899-12-30"]
[Round "5.23"]
[White "Starosta, Martyna"]
[Black "Hertlein, Irena"]
[Result "0-1"]
[WhiteTitle "WCM"]
[BlackTitle "k"]
[WhiteElo "1918"]
[BlackElo "1864"]

1. e4 c5 2. Nf3 Nc6 3. d4 cxd4 4. Nxd4 g6 5. c4 Nf6 6. Nc3 d6 7. Be2 Nxd4 8. Qxd4
Bg7 9. Be3 O-O 10. Qd2 a5 11. O-O a4 12. Rad1 Be6 13. f4 Qa5 14. Bd4 Rfc8 15.
b3 axb3 16. axb3 Qb4 17. f5 Bd7 18. g4 Bc6 19. Qf4 Rf8 20. Qf3 Nxg4 21. fxg6 Bxd4+
22. Rxd4 hxg6 23. Qxg4 Qb6 24. Rfd1 e5 25. Nd5 Bxd5 26. exd5 exd4 27. Bd3 Kg7
28. Rf1 Rae8 29. Rf3 Qa7 30. Rh3 Re3 31. Bxg6 fxg6 32. Qd7+ Rf7 33. Rh7+ Kxh7
34. Qxf7+ Kh8 35. Qf8+ Kh7 36. Qf7+ Kh6 37. Qf8+ Kh5 38. Qh8+ Kg4 39. Qc8+ Kf4
40. Qf8+ Ke4 41. Qe8+ Kf3 42. Qf7+ Ke2 43. Qf2+ Kd1 44. Qb2 Re1+ 45. Kf2 d3+ 0-1

[Event "DRUZYNOWE MISTRZOSTWA POLSKI JUNIOROW - I LIGA 2022"]
[Site "Lublin"]
[Date "1899-12-30"]
[Round "5.25"]
[White "Wojdak, Jan"]
[Black "Klim, Filip"]
[Result "1-0"]
[WhiteTitle "k"]
[BlackTitle "I++"]
[WhiteElo "2144"]
[BlackElo "1975"]

1. d4 d5 2. c4 e6 3. Nc3 a6 4. cxd5 exd5 5. g3 Nf6 6. Bg2 Be7 7. Nh3 O-O 8. O-O
Re8 9. Kh1 c6 10. f3 b5 11. a3 Ra7 12. Nf4 c5 13. dxc5 d4 14. Ne4 Nxe4 15. fxe4
Bxc5 16. Nd5 Be6 17. b4 Bb6 18. Bf4 Nc6 19. Rc1 Bxd5 20. exd5 Ne5 21. Bxe5 Rxe5
22. Rc6 Rd7 23. Bh3 Rexd5 24. Bxd7 Rxd7 25. Qd3 Re7 26. Qf3 h6 27. Rfc1 Kh7 28.
Qf5+ g6 29. Qf3 f5 30. Rc8 Qd6 31. R1c6 Qd7 32. Rc1 d3 33. Qxd3 Bd4 34. R8c7 Qd5+
35. Qf3 Qd6 36. Qc6 Qxc6+ 37. R1xc6 Rxc7 38. Rxc7+ Kg8 39. Rc6 1-0

[Event "DRUZYNOWE MISTRZOSTWA POLSKI JUNIOROW - I LIGA 2022"]
[Site "Lublin"]
[Date "1899-12-30"]
[Round "5.26"]
[White "Bartodziej, Bartosz"]
[Black "Jendrowiak, Maciej"]
[Result "1-0"]
[WhiteTitle "I"]
[BlackTitle "I"]
[WhiteElo "1809"]
[BlackElo "1713"]

1. e4 e5 2. Nf3 Nc6 3. Bc4 Bc5 4. d3 d6 5. c3 Bb6 6. O-O h6 7. Bb3 Nge7 8. Nbd2
O-O 9. Nc4 Ng6 10. Nxb6 axb6 11. h3 Kh8 12. d4 f5 13. exf5 Bxf5 14. dxe5 Ngxe5
15. Nxe5 Nxe5 16. Be3 Qh4 17. f4 Nd3 18. Qd2 Rae8 19. Bc2 Qg3 20. Rf3 Qg6 21.
Bxd3 Bxd3 22. Qf2 Be4 23. Rg3 Qf5 24. Rf1 c5 25. Qd2 Rd8 26. b4 Rfe8 27. Rd1 Qe6
28. Kh2 Qc4 29. f5 Kh7 30. Bxh6 Rg8 31. Bxg7 Rxg7 32. Rxg7+ Kxg7 33. Qg5+ Kf7
34. Qxd8 Qe2 35. Qd7+ Kf6 36. Rxd6+ Ke5 37. Qe7+ Kf4 38. Qh4+ Ke5 39. Qg3+ Kxf5
40. Qg4+ Ke5 41. Qxe2 1-0

[Event "DRUZYNOWE MISTRZOSTWA POLSKI JUNIOROW - I LIGA 2022"]
[Site "Lublin"]
[Date "1899-12-30"]
[Round "5.29"]
[White "Kroliczek, Gabriela"]
[Black "Kudlak, Julia"]
[Result "1/2-1/2"]
[WhiteTitle "k"]
[BlackTitle "I++"]
[WhiteElo "1934"]
[BlackElo "1654"]

1. e4 c5 2. Nc3 Nc6 3. Nf3 d6 4. d4 cxd4 5. Nxd4 Nf6 6. Bc4 g6 7. Nxc6 bxc6 8.
e5 d5 9. exf6 dxc4 10. Qf3 Qc7 11. O-O Be6 12. Bf4 Qb7 13. Be5 Rg8 14. Ne4 Qb5
15. fxe7 Bxe7 16. Nf6+ Bxf6 17. Qxf6 Rd8 18. Rad1 Rd5 19. b3 Kd7 20. Qf4 g5 21.
Qe3 Kc8 22. bxc4 Rxe5 23. cxb5 Rxe3 24. fxe3 cxb5 25. a3 Kb7 26. Rb1 Kc6 27. e4
g4 28. Rfd1 Rg5 29. Kf2 Rc5 30. Rb2 Rc4 31. Ke3 a5 32. Rd4 Rc3+ 33. Rd3 Rc4 34.
g3 Kc5 35. Rdb3 Ra4 36. Rxb5+ Kc6 37. Rh5 Rxa3+ 38. Kd4 Ra4+ 39. Ke5 Ra1 40. Rxh7
a4 41. Rh8 a3 42. Rb4 a2 43. Ra8 Rc1 44. Rba4 Rxc2 45. R8a6+ Kb5 46. R6a5+ Kb6
47. Ra6+ Kb5 48. R6a5+ Kb6 49. Ra6+ Kb5 1/2-1/2

[Event "DRUZYNOWE MISTRZOSTWA POLSKI JUNIOROW - I LIGA 2022"]
[Site "Lublin"]
[Date "1899-12-30"]
[Round "6.3"]
[White "Grot, Blazej"]
[Black "Nawalaniec, Adam"]
[Result "1/2-1/2"]
[WhiteTitle "CM"]
[BlackTitle "I++"]
[WhiteElo "1751"]
[BlackElo "1768"]

1. e4 e6 2. d4 d5 3. Nc3 dxe4 4. Nxe4 Bd7 5. Nf3 Bc6 6. Bd3 Nd7 7. O-O Ngf6 8.
Ng3 g6 9. c3 Bg7 10. Re1 O-O 11. Bf4 b6 12. Qe2 Bb7 13. Rad1 Qc8 14. Ne5 c5 15.
Ne4 Nh5 16. Qe3 Nxf4 17. Qxf4 Qb8 18. Ng3 f6 19. Qg4 Nxe5 20. dxe5 f5 21. Qf4
Bd5 22. Bc4 g5 23. Qxg5 Bxc4 24. Nh5 Qc7 25. b3 Bb5 26. Rd6 Be8 27. Nf6+ Kh8 28.
Rxe6 Bg6 29. h4 Qf7 30. Rd6 Rad8 31. Red1 Rxd6 32. Rxd6 Qe7 33. Nxh7 Qxg5 34.
Nxg5 Bh7 35. Rd7 Bg8 36. f4 Bh6 37. Rxa7 Bxg5 38. hxg5 Rd8 39. g4 fxg4 40. f5
Rd1+ 41. Kf2 Rd3 42. e6 Rf3+ 43. Kg2 Rxf5 44. e7 Bf7 45. Ra8+ Kg7 46. e8=Q Bxe8
47. Rxe8 Rxg5 48. Re6 Rg6 49. Rxg6+ Kxg6 50. a4 Kf5 51. b4 cxb4 52. cxb4 Ke5 53.
a5 bxa5 54. bxa5 1/2-1/2

[Event "DRUZYNOWE MISTRZOSTWA POLSKI JUNIOROW - I LIGA 2022"]
[Site "Lublin"]
[Date "1899-12-30"]
[Round "6.7"]
[White "Luczak, Filip"]
[Black "Wojdak, Jan"]
[Result "1-0"]
[WhiteTitle "FM"]
[BlackTitle "k"]
[WhiteElo "2311"]
[BlackElo "2144"]

1. Nf3 Nf6 2. e3 g6 3. d4 Bg7 4. Be2 O-O 5. O-O d6 6. c4 c5 7. Nc3 b6 8. d5 Na6
9. e4 Nd7 10. Bg5 Ne5 11. Nxe5 Bxe5 12. f4 Bd4+ 13. Kh1 f5 14. Bf3 Rf7 15. e5
Nc7 16. Qe1 Ba6 17. e6 Rg7 18. Qe2 Kh8 19. a4 Rb8 20. Ra3 Rg8 21. Nb5 Nxb5 22.
axb5 Bb7 23. Rxa7 Qf8 24. Qe1 Qg7 25. Qh4 Rge8 26. b3 Kg8 27. g4 fxg4 28. Bxg4
Be3 29. f5 Bxg5 30. Qxg5 Rf8 31. Bh3 Rf6 32. fxg6 Rxf1+ 33. Bxf1 Qxg6 34. Qxg6+
hxg6 35. h4 Kg7 36. Kg2 Kh6 37. Be2 Kg7 38. Kg3 Kf6 39. Kg4 Bc8 40. Bd3 Bb7 41.
Bc2 Bc8 42. Ra1 Bb7 43. Rf1+ Ke5 44. Bxg6 1-0

[Event "DRUZYNOWE MISTRZOSTWA POLSKI JUNIOROW - I LIGA 2022"]
[Site "Lublin"]
[Date "1899-12-30"]
[Round "6.13"]
[White "Suder, Jakub"]
[Black "Wieczorek, Mikolaj"]
[Result "1-0"]
[WhiteTitle "FM"]
[BlackTitle "I+"]
[WhiteElo "2306"]
[BlackElo "1942"]

1. d4 e6 2. c4 c5 3. d5 exd5 4. cxd5 d6 5. Nc3 g6 6. e4 Bg7 7. Nf3 Ne7 8. Bf4 a6
9. a4 O-O 10. Bc4 Bg4 11. O-O Bxf3 12. Qxf3 Qc7 13. Qg3 Rd8 14. h4 Nc8 15. h5
Nd7 16. h6 Bh8 17. Rae1 Re8 18. Kh1 Qb6 19. Bc1 Qb4 20. Ba2 Ncb6 21. f4 Nxa4 22.
e5 Nxc3 23. bxc3 Qa4 24. Bb1 dxe5 25. f5 e4 26. fxg6 fxg6 27. Bg5 Qb5 28. c4 Qb6
29. Rxe4 Rxe4 30. Bxe4 Be5 31. Qg4 Rf8 32. Rxf8+ Nxf8 33. d6 Qa5 34. Qd1 Qc3 35.
Qf1 Qa1 36. Bd5+ Kh8 37. Qxa1 Bxa1 38. Be7 Nd7 39. Bxb7 a5 40. Bc8 Nb6 41. d7
Nxd7 42. Bxd7 Bd4 43. Bd8 Be3 44. Be6 Bxh6 45. Bxa5 Bg7 46. Kh2 Be5+ 47. Kh3 Kg7
48. Bd8 h6 49. Be7 Bd4 50. Kg4 h5+ 51. Kf4 Kh6 52. Bf8+ Kh7 53. Bf7 Bg1 54. Ke4
h4 55. Kf4 Bf2 1-0

[Event "DRUZYNOWE MISTRZOSTWA POLSKI JUNIOROW - I LIGA 2022"]
[Site "Lublin"]
[Date "1899-12-30"]
[Round "6.15"]
[White "Maj, Samuel"]
[Black "Nagly, Wojciech"]
[Result "0-1"]
[WhiteTitle "I"]
[BlackTitle "II"]
[WhiteElo "1935"]
[BlackElo "1490"]

1. d4 Nf6 2. c4 e6 3. g3 d5 4. Bg2 dxc4 5. Nf3 c5 6. O-O Nc6 7. dxc5 Qxd1 8. Rxd1
Bxc5 9. Nbd2 c3 10. bxc3 O-O 11. Nb3 Bb6 12. c4 a5 13. Ba3 Re8 14. c5 Bc7 15.
Nbd4 e5 16. Nb5 Bb8 17. Bb2 Bg4 18. h3 Bxf3 19. Bxf3 e4 20. Bg2 Be5 21. Bxe5 Rxe5
22. Rac1 h6 23. Nd6 Rb8 24. Rc4 Nb4 25. a3 Na6 26. Rdc1 Kf8 27. c6 b5 28. Rd4
Nc7 29. e3 b4 30. axb4 axb4 31. Nxe4 b3 32. Nxf6 gxf6 33. Rd7 b2 34. Rb1 Rc5 35.
Rdd1 Rb4 36. Bf1 Rxc6 37. Rd2 Rcb6 38. Rc2 Ne6 39. Bc4 Ng5 40. h4 Nf3+ 41. Kg2
Rxc4 42. Rxc4 Nd2 43. Rxb2 Rxb2 44. Rf4 Ke7 45. Ra4 Rc2 46. Ra7+ Ke6 47. Ra6+
Kf5 48. Ra5+ Kg6 49. Ra4 f5 50. Rf4 Nc4 51. e4 fxe4 52. Rxe4 f6 53. Rg4+ Kf5 54.
Rf4+ Ke5 55. Rf3 f5 56. Rb3 Nd6 57. Re3+ Ne4 58. Rf3 h5 59. Rf4 Rc3 60. Kh2 Nd2
61. Ra4 Rc4 62. Ra5+ Ke4 63. Kg2 Rc2 64. Ra4+ Nc4 65. Ra1 Ne3+ 66. Kg1 Kf3 67.
fxe3 Kxg3 68. Rf1 Rg2+ 69. Kh1 Rf2 70. Re1 Kxh4 71. e4 f4 72. e5 f3 73. e6 Re2
74. Rf1 Kg3 75. Rg1+ Kh3 76. Rd1 Rxe6 77. Kg1 Kg3 78. Kf1 Ra6 79. Ke1 h4 80. Kf1
h3 81. Kg1 Re6 82. Kh1 Re3 83. Rg1+ Kf2 84. Kh2 Ke2 85. Ra1 f2 86. Rb1 Rd3 87.
Rb8 f1=Q 88. Re8+ Re3 89. Rg8 Qf4+ 90. Kh1 Qe4+ 91. Kh2 Qe5+ 92. Kh1 Qd5+ 93.
Kh2 Qxg8 94. Kh1 Qg2# 0-1